[Event "Grenke Chess Classic 4th"]
[Site "Karlsruhe/Baden-Baden"]
[Date "2017.04.19"]
[Round "4"]
[White "Vachier Lagrave, Maxime"]
[Black "Hou, Yifan"]
[Result "1-0"]
[WhiteElo "2803"]
[BlackElo "2649"]
[Annotator "Mekhitarian,K"]
[PlyCount "135"]
[EventDate "2017.04.15"]
[EventType "tourn"]
[EventRounds "7"]
[EventCountry "GER"]
[EventCategory "20"]
[SourceTitle "CBM 178"]
[Source "ChessBase"]
[SourceDate "2017.05.14"]
[SourceVersion "1"]
[SourceVersionDate "2017.05.14"]
[SourceQuality "1"]

{Hou Yifan has been the sensation of the Grenke Chess Classic so far! She was
the sole leader after the 3rd round, having beaten world number 3 Fabiano
Caruana and GM Georg Meier, and achieved a draw after building up a great
advantage against the world champion Magnus Carlsen. Today she had a tough
task, to hold her ground against the world number 5, Maxime Vachier-Lagrave,
known for his strong play with the white pieces.} 1. e4 e5 2. Nf3 Nc6 3. Bb5
Nf6 {The well-known Berlin Defence!} 4. d3 Bc5 5. c3 d5 $5 (5... O-O {White
can follow with 6.0-0 or accept the sacrifice} 6. Bxc6 (6. O-O d6 7. Nbd2 {
is a standard line}) 6... bxc6 7. Nxe5 d5 {may transpose to 5...d5 - See
analysis on White's 6th move.}) 6. Nbd2 (6. Nxe5 {accepting the sacrifice is
dangerous} O-O 7. Bxc6 (7. Nxc6 bxc6 8. Bxc6 Bxf2+ $1 9. Kxf2 Ng4+ 10. Kg1 Qf6
11. Qe2 Qxc6 $44) 7... bxc6 8. d4 {seen recently at top level} Bb6 {Black
trusts his bishop pair and the development advantage} 9. O-O (9. Nxc6 $2 {
would be too much} Qe8 10. Ne5 Ba6 $1 $17) 9... dxe4 (9... Nxe4 {was fine as
well} 10. Nxc6 Qd6 11. Nb4 $44 {1/2-1/2 (40) Morovic Fernandez,I (2550)
-Faizrakhmanov,R (2432) Moscow 2017, with decent compensation for Black with
a5 followed by c5 or c5 right away.}) 10. Bg5 c5 11. Nd2 cxd4 $2 {according to
Karjakin, he mixed up the lines during the game and ended up in a lost
position - this was the main mistake probably} (11... Bb7 $5) (11... h6 $5) 12.
Nxe4 dxc3 13. Qf3 $1 $16 {1-0 (31) Wei,Y (2706)-Karjakin,S (2785) Wijk aan Zee
2017}) (6. exd5 $5 {trying to maintain a more dynamic position, played last
October by Svidler} Qxd5 7. Bc4 Qd6 8. Qe2 O-O 9. Nbd2 a5 10. Ng5 Qe7 11. Nde4
Bd6 12. a4 h6 13. h4 $1 $36 {1-0 (59) Svidler,P (2745)-Inarkiev,E (2732)
Novosibirsk 2016; This looks very scary for Black. White soon obtained a
winning advantage and won a long endgame.}) 6... dxe4 7. dxe4 O-O 8. O-O a5 $5
{Black stops b2-b4 with this move, and at the same time, creates a possible
idea of playing ...Na7. And clearly invites White once again to grab the pawn
on e5, a challenge that Maxime accepts!} (8... Qe7 {was a solid way to play
this position. Whenever White plays Bxc6, Black has enough compensation with
the bishop pair and the weak light-squares (the a6-f1 diagonal specially).}) 9.
Bxc6 $5 bxc6 10. Nxe5 Ba6 $6 (10... Re8 $5 {was an option} 11. Nxc6 (11. Nb3
Qxd1 12. Rxd1 Bb6 13. Nc4 Nxe4 $11 {looks safe for Black}) 11... Qd6 12. Nd4
Bxd4 13. cxd4 Qxd4 $11 {was another way to reach this position (similar to the
game, after the 14th move).}) 11. Re1 Re8 12. Nxc6 Qd6 (12... Bxf2+ $2 13. Kxf2
Qd6 14. Nd4 $1 Qxh2 15. Rh1 $1 Ng4+ 16. Qxg4 Qxh1 17. Nf5 g6 18. Ng3 $18 {
and White is certainly very happy.}) 13. Nd4 {White threatens to consolidate
with N2b3.} Bxd4 14. cxd4 Qxd4 15. Nb3 $1 Qxd1 16. Rxd1 a4 (16... Nxe4 17. Nxa5
Be2 18. Re1 $1 $16) 17. Nc5 Nxe4 18. Nxa6 (18. Nxa4 $2 Bb5 19. Nc3 Nxc3 20.
bxc3 Ba4 21. Rf1 Bb5 $11 {guarantees a draw.}) 18... Rxa6 19. Be3 $14 {After a
long series of exchanges, White emerges with an advantage in the endgame. The
bishop is clearly superior to Black's knight, and his pawn structure is also
better. On the other hand, the reduced material increases possible drawing
chances.} h5 20. Rac1 c6 {It is good to find a solid square for your pieces in
endgames - in this case Hou Yifan looks to place her knight on d5. I like the
way Maxime plays from now on, slowly improving his pieces until move 36.} 21.
Kf1 Nf6 22. Bc5 Nd5 23. Rc4 Nc7 24. a3 Rb8 25. Rd2 Nd5 26. Ke1 {White prepares
to defend the b2-pawn with the king, to follow up with Rdd4.} f6 27. Kd1 Kf7
28. Kc2 Rb5 29. Kb1 g6 30. Ka2 Ke6 31. f3 Rb8 32. Re4+ Kf7 33. Rdd4 Rba8 34.
Rc4 Ra5 35. Bf2 R5a6 36. Bc5 Ra5 {White achieves the ideal position, and has
to create something on the kingside now to get winning chances.} 37. g3 (37. g4
$5 {trying to create a weakness on h5} hxg4 (37... Rh8 $5 {keeping an eye on
h2 in case White takes on a4} 38. Bd6 $14) 38. fxg4 $14 {at some point White
will intend to play h4-h5.}) 37... R5a6 38. h4 Ra5 39. Bf2 R5a6 40. Kb1 {
Naturally, White has no reason to hurry.} Rb8 41. Ka2 (41. Rxa4 $4 Nc3+ $19)
41... Rba8 42. g4 hxg4 (42... Re8 $5 43. Rxe8 (43. Rxa4 Rxa4 44. Rxa4 Re2 $1 {
threatening the bishop and ...Nc3+} 45. Ra7+ Ke6 46. Bc5 Rh2 $132) 43... Kxe8
44. gxh5 gxh5 45. b3 axb3+ 46. Kxb3 $14 {still keeps chances for White, slowly
pushing his a-pawn.}) 43. fxg4 Re8 44. Rxe8 (44. Rxa4 Rxa4 45. Rxa4 Re2 $1 $132
) 44... Kxe8 45. h5 Kf7 46. Be1 gxh5 47. gxh5 f5 48. Bd2 Nf6 49. Rc5 (49. Rf4
$1 Ke6 50. h6 Ra8 51. Rh4 $16 {followed by Kb1, Kc2.}) 49... Ne4 {Hou Yifan
tries to force a minor piece endgame to guarantee a draw, instead of
continuing to suffer.} (49... Nd5 $1 {then White would probably start to bring
his king over to b1-c2-d3} 50. Kb1 $16) 50. Rxf5+ Ke6 51. Ra5 {Forced.} Rxa5
52. Bxa5 Kf6 53. b3 {I won't put a question mark here, because the forced win
was something very artistic and hard to find.} (53. Bd8+ $1 Kg7 54. Be7 $3 {
was the only way to guarantee the win, a very counter-intuitive idea, losing
two important tempi, but avoiding the knight retreat to c5 or d6} Kh6 (54...
Kf7 55. h6 $1 $18) 55. b3 $1 axb3+ 56. Kxb3 Kxh5 57. a4 $18 {and White wins!})
53... Kg5 (53... Nc5 $1 {would force a draw. For example:} 54. bxa4 (54. b4 Ne6
$11) 54... Kg5 $1 55. Bd8+ Kxh5 56. a5 Kg6 $11 {and Black returns in time.})
54. Bb4 $1 {Now Maxime finds the correct idea in a similar way, the bishop
controls the c5-d6 squares and the knight can't return in time.} Kxh5 (54... c5
55. bxa4 $1 cxb4 56. axb4 $18) 55. bxa4 Nf6 56. a5 Nd5 57. a6 Nc7 {The knight
stops the pawn, but it is not enough for a draw.} 58. a7 Kg6 59. Ba5 Na8 60.
Kb3 Kf7 61. Kc4 Ke7 62. Kc5 Kd7 63. Bb6 $1 Kc8 64. Kxc6 Nc7 65. Bg1 (65. Bxc7
$4 $11 {wouldn't be smart!}) 65... Na8 66. Bh2 Nc7 67. Kb6 $1 Na8+ 68. Ka6 {
Now without having ...Nc7, Black is forced to allow Kb7, and thus the
resignation comes at the right moment. A very nice game from the Frenchman,
who is still having a hard time in 6th place with 2/4. The new leader is Levon
Aronian, the only player at 3/4!} 1-0

[Event "Tata Steel-A 78th"]
[Site "Wijk aan Zee"]
[Date "2016.01.26"]
[Round "9"]
[White "Caruana, Fabiano"]
[Black "Karjakin, Sergey"]
[Result "1/2-1/2"]
[WhiteElo "2787"]
[BlackElo "2769"]
[Annotator "Mekhitarian,K"]
[PlyCount "119"]
[EventDate "2016.01.16"]
[EventType "tourn"]
[EventRounds "13"]
[EventCountry "NED"]
[EventCategory "20"]
[SourceTitle "CBM 171"]
[Source "ChessBase"]
[SourceDate "2016.03.14"]
[SourceVersion "2"]
[SourceVersionDate "2016.03.14"]
[SourceQuality "1"]

1. e4 e5 2. Nf3 Nc6 3. Bb5 Nf6 {The solid and very popular Berlin Defence of
the Ruy Lopez, played a lot by many World Champions, most notoriously Emanuel
Lasker and Vladimir Kramnik. Nevertheless, it is curious to note that the
Belarusian GM Aleksej Aleksandrov has played it 268 times according to my
database (and he is only 42!).} 4. d3 Bc5 5. Bxc6 dxc6 6. Nbd2 {Caruana
chooses the Yangyi's pet line, with a very modern approach.} O-O 7. Nc4 Nd7 8.
Qe2 Re8 9. Bd2 Bd6 10. h4 {On the same day at Wijk aan Zee, the Chinese
prodigy Wei Yi scored one of his typical attacking wins, this time over David
Navara, which deviated from Karjakin's game with 10...c5.} Nf8 {a natural
manoeuvre, bringing the knight to e6 and d4.} (10... c5 11. h5 h6 12. O-O-O Nb8
13. Rdg1 Nc6 (13... Bg4 $5 {delays the attack a little bit} 14. Ne3 Qd7 {
was probably a better way to play the position} 15. Rh4 Be6 16. g4 f6 $13 {
although the attack isn't as brutal as in the game, the position definitely
needs more analysis}) 14. g4 {apparently White is already winning, since g5 is
a decisive attacking idea, and even the seemingly solid 14...f6 doesn't stop it
} f6 15. g5 $1 fxg5 16. Nxg5 Nd4 (16... hxg5 17. Bxg5 Be7 (17... Nd4 18. Qe3
Qd7 19. Bf6 Bf8 20. Bxg7 $18) 18. Bxe7 Qxe7 19. h6 g5 20. Qh5 g4 21. Ne3 Kh8
22. Nxg4 Bxg4 23. Qxg4 {h7 is threatened, followed by the unstopabble Qg8+ and
mate} Qf6 {wanting to exchange queens with ...Qf4+} 24. Kb1 Kh7 25. Rh3 $1 Ne7
(25... Rg8 26. Qg7+ $1 Rxg7 27. hxg7+ Kg8 28. Rh8+ Kf7 29. Rxa8 $18) 26. Qg7+
$1 Qxg7 27. Rxg7+ Kh8 28. Rf3 {now Rff7 is very strong} Ng8 29. Rff7 Nxh6 30.
Rh7+ Kg8 31. Rfg7+ Kf8 32. Rg5 $1 {winning the knight, and with it the game}
Nf7 33. Rf5 Re7 {is not possible, because of} 34. Rh8+ $18) 17. Qd1 hxg5 18.
Bxg5 Be7 19. Be3 Bf6 20. h6 Re7 21. hxg7 Rxg7 22. Qh5 Be6 23. Bh6 Bf7 24. Bxg7
Bxh5 25. Bxf6+ Kf8 26. Bxd8 Ne2+ 27. Kb1 Nxg1 28. Bxc7 {1-0 (28) Wei,Y (2706)
-Navara,D (2730) Wijk aan Zee 2016}) 11. h5 Ne6 12. O-O-O c5 13. Qf1 (13. Ncxe5
$4 {blunders a piece} Bxe5 14. Nxe5 Nd4 15. Qe3 Rxe5 $19) 13... f6 14. Nh4 Nd4
(14... b5 $5 15. Nxd6 cxd6 16. f4 exf4 17. Bxf4 Qa5 (17... d5 $11 {is ok for
Black}) 18. Kb1 Nd4 19. Nf3 Be6 20. a3 $13) 15. c3 Nc6 16. Nf5 Bxf5 17. exf5 h6
{Stopping any attacking prospects for White. Black looks fine, and could start
marching his queenside pawns towards the white king.} 18. g4 Bf8 19. Qe2 Qd7 (
19... b5 20. Qe4 Qd7 21. Ne3 Rad8 $13) 20. Be3 Rad8 21. Qc2 Kh7 22. Qb3 a6 23.
Nd2 Na5 (23... Qxd3 {accepting the challenge was an interesting option} 24.
Qxb7 Nd4 $1 25. cxd4 cxd4 26. Qe4 (26. Bxh6 Rb8 27. Qc6 Rb6 28. Qc4 Qxc4+ 29.
Nxc4 Rc6 30. Bd2 Rxc4+ 31. Kb1 Bd6 $11 {seems to be comfortable for Black,
since ...c5 and ...e4 are coming at some point.}) 26... dxe3 27. fxe3 Bc5 28.
Qxd3 Rxd3 29. Nc4 Bxe3+ 30. Kc2 Rxd1 31. Rxd1 Bg5 32. Rd7 e4 33. Rd1 $1 {
now the e-pawn could be in danger} e3 34. Kd3 Rd8+ 35. Ke2 Re8 {threatening ...
Re4} 36. Kd3 Rd8+ 37. Ke2 Re8 $11) 24. Qc2 Qd5 25. Kb1 Qxd3 (25... c4 $5 {
led to a simpler position} 26. Nxc4 Nxc4 27. dxc4 Qxc4 28. f3 Bc5 $11) 26. Qxd3
Rxd3 27. Ne4 c4 (27... Red8 28. Rxd3 Rxd3 29. Bxc5 Bxc5 30. Nxc5 Rd5 (30... Rf3
$2 31. Rd1 $1 Rxf2 32. Rd8 {with a decisive attack, White simply wants to go
Ne6-Nf8-Ng6 and Rh8# or Rf8#} Nc6 33. Re8 $18) 31. Ne4 Nc4 32. Kc2 Kg8 $11 {
followed by ...Kf7 and ...Nd6, looks very drawish.}) 28. b4 $1 {A very
instructive concept from Caruana: the queenside expansion will be very
annoying for Black, even though he is a pawn up for now.} Nc6 29. Rxd3 cxd3 30.
a4 Rd8 31. Rd1 Kg8 32. Kb2 $14 {The white pieces, along with the pawn advances
create a very good harmony, showing progress. And the d3-pawn is going nowhere.
} Kf7 33. a5 $1 {Fixing a weakness on b7. If Black does nothing, then Kb3-Kc4
and Bc5 could be played.} b6 34. axb6 cxb6 35. Ra1 $1 (35. Bxb6 $5 {was also
tempting, but the game continuation is more promising} Rb8 36. Bc7 Rb7 37. Bd6
a5 $1 38. Nc5 Rb5 39. Bxf8 Kxf8 {White still has some initiative.} 40. Rxd3
axb4 41. Ne6+ Ke7 42. c4 Ra5 43. c5 $36) 35... d2 36. Nxd2 a5 37. b5 Na7 38. c4
Nc8 $16 {The dust has settled, and White enjoys a comfortable positional
advantage.} 39. Ne4 {Threatening c5 that would win the a5-pawn.} Bb4 40. Kc2
Ke8 41. Rd1 Rxd1 42. Kxd1 Kd7 43. Kc2 Kc7 {Black threatens ...Nd6 now that b6
is defended - it is time to act.} 44. c5 a4 $1 (44... bxc5 $2 45. Nxc5 Bxc5 46.
Bxc5 Nd6 47. Bxd6+ Kxd6 48. Kb3 Kc5 49. Ka4 Kb6 50. f3 $1 $18 {winning}) 45. f3
(45. Nxf6 $5 {was a very important alternative, Black is under serious
pressure now and has to find precise moves:} gxf6 46. Bxh6 (46. cxb6+ $6 Nxb6
47. Bxh6 Kd7 {should be ok for Black}) 46... Bxc5 $1 (46... Kd7 $2 47. Bg7 Ke7
48. h6 Kf7 49. Bh8 $1 {threatening h7} Kg8 50. cxb6 Nxb6 51. Bxf6 Nd7 52. Bg5
Bc5 {to stop Be3 and b6} 53. f3 {and White should win with the advance of the
g-pawn:} Nb6 54. Bc1 {keeping an eye on the a-pawn as well} Nc4 55. g5 Nd6 56.
g6 $1 Nxf5 57. h7+ Kh8 58. Bg5 Bf8 59. b6 Nd6 60. Kc3 $18) 47. Bg7 Be7 48. g5
Nd6 $1 (48... fxg5 49. f6 $18) 49. gxf6 Bd8 50. h6 Nf7 51. h7 {threatening 52.
h8=Q Nxh8 53.Bxh8 and f7 next} Kd7 {forced} 52. Kc3 (52. f3 {there is no time
for this, because Black plays Bc7-Bd6 and defends the important a-pawn} Bc7 53.
Kc3 Bd6 $11) 52... e4 $1 53. Kb4 Ke8 54. Kxa4 Bc7 {planning a counterattack on
f2} 55. Kb3 Bd6 56. Kc4 Bc5 57. h8=Q+ (57. Kd5 Bxf2 58. Kxe4 Ng5+ $1 $11 {
forcing a draw}) 57... Nxh8 58. Bxh8 Kf7 $1 (58... Bxf2 $4 59. f7+ $1 Kxf7 60.
Bd4 $18 {and White wins by Kd5 next (or Kd3, if 60...e3)}) 59. Kd5 Bxf2 60.
Kxe4 Be1 $1 {trying to lock the white bishop in on g7} 61. Bg7 Bd2 $1 {
suddenly White can not make any progress} 62. Kd5 Be3 63. Kc6 Kg8 $1 $11 {
the only move, but enough to keep the balance. If White arrives in the same
position with the bishop on h8 (let's say the black king is on f7), then ...
Kg8 loses to f7+! and the bishop escapes. In that case, Black could simply
play Bf2 (because there is no Bh6 now).}) 45... bxc5 $1 {Karjakin chooses the
perfect moment to release the tension and forces a draw with this move. In my
opinion, Sergey is the most resilient player in the world today, I have seen a
number of examples where he holds on to a worse position without losing focus
or motivation, and escapes with a draw, or even a win, if he is given that
chance. His games deserve serious attention from those who wish to improve
their defensive skills, or even their fighting spirit and determination.} 46.
Nxc5 (46. Bxc5 Bxc5 47. Nxc5 Kb6 48. Ne6 $2 {too optimistic} (48. Nxa4+ Kxb5
49. Nc3+ Kc4 50. Ne4 Kd5 $11) 48... Kxb5 49. Nxg7 Nd6 $17 {and Black suddenly
can think about winning.}) 46... Bxc5 47. Bxc5 Nd6 $1 $11 48. b6+ Kc6 49. b7
Nxb7 50. Bf8 Nd6 51. Bxg7 Nf7 52. Bxf6 a3 53. Bh4 (53. Bg7 {with the idea of
f6 and Bxh6, also doesn't work:} Kd5 54. f6 e4 55. fxe4+ Kxe4 56. Bxh6 Nxh6 57.
g5 Kf5 $1 58. gxh6 Kxf6 $11) 53... Kd5 54. Be1 a2 55. Kb2 Kd4 56. Bd2 Kd3 57.
Bc1 Ke2 58. f4 exf4 59. Bxf4 Kf3 60. Bxh6 1/2-1/2

[Event "Sao Paulo zt 2.4"]
[Site "Sao Paulo"]
[Date "2001.??.??"]
[Round "3"]
[White "Soto Vega, Jorge"]
[Black "Lima, Darcy Gustavo Macha"]
[Result "0-1"]
[WhiteElo "2386"]
[BlackElo "2550"]
[Annotator "Melao,H"]
[PlyCount "92"]
[EventDate "2001.06.07"]
[EventType "tourn"]
[EventRounds "9"]
[EventCountry "BRA"]
[EventCategory "8"]
[SourceTitle "CBM 082 Extra"]
[Source "ChessBase"]
[SourceDate "2001.07.03"]
[SourceVersion "1"]
[SourceVersionDate "2001.07.03"]
[SourceQuality "1"]

1. e4 e5 2. Nf3 Nc6 3. Bb5 Nf6 4. O-O Bc5 5. c3 O-O 6. d4 Bb6 7. Bg5 h6 8. Bh4
d6 9. a4 a5 10. dxe5 Nxe5 11. Nxe5 dxe5 12. Nd2 c6 (12... Be6 13. Qc2 Qe7 14.
Kh1 Rad8 15. Rad1 c6 16. Be2 Bc7 17. Rfe1 Rd7 18. Nf1 Rfd8 19. Ne3 Bb6 20. Nf5
Bxf5 21. exf5 Ng4 22. Rxd7 Rxd7 23. Bxe7 {1/2-1/2 Shirov,A-Macieja,B/Polanica
Zdroj 1998/CBM 67/[Wedberg] (23)}) 13. Be2 Qe7 14. Nc4 (14. Qc2 Be6 15. h3 g5
16. Bg3 Nd7 17. Nc4 Bxc4 18. Bxc4 Bc7 19. Qe2 Kg7 20. Rfd1 Rad8 21. Qg4 Nb6 22.
Bb3 Rxd1+ 23. Rxd1 Rd8 24. Rxd8 Qxd8 25. h4 Qe7 26. Kh2 Nd7 27. hxg5 hxg5 28.
Qf5 Nc5 {Murey,J-Lahav,E/Tel Aviv 1990/CBM 20 ext/1/2-1/2 (91)}) 14... Bc7 15.
f3 Be6 16. Kh1 Rad8 17. Qc2 Rd7 18. Rfd1 Qc5 19. Rxd7 (19. Bxf6 Rxd1+ 20. Rxd1
Bxc4 21. Bxc4 Qxc4 22. Bh4 {e as Brancas teriam Bispo-bom e coluna, mas as
Pretas teriam a Dama mais ativa e o Bispo-mau entraria em jogo por 'b6'. A
tendência seria o empate.}) 19... Nxd7 20. Rd1 Nf6 21. b3 (21. b4 $5 axb4 22.
cxb4 Qe7 (22... Qxb4 23. Rb1 $14)) 21... b5 22. Nb2 Rd8 23. Rxd8+ Bxd8 24. Nd3
Qa3 25. c4 $6 (25. Nxe5 Nxe4 $1 (25... Bxb3 $5 26. Qb1) 26. Be1 $1 (26. Bxd8
Qa1+ 27. Bd1 Nxc3 $19) (26. Qxe4 Qa1+ 27. Bd1 Bxh4 $1 28. Qc2 Bf5 $19) (26.
fxe4 Bxh4 $17) 26... Qa1 27. Qd1 Qxd1 28. Bxd1 bxa4 29. bxa4 (29. fxe4 axb3 (
29... Bh4 30. g3) 30. Nxc6 a4 $1 31. c4 $8 Bg4 (31... b2 32. Bc2 a3 33. Bc3 Bg5
34. c5 Bc1 35. Nb4 a2 36. Nxa2 Bxa2 37. c6 $11) 32. Bxb3 axb3 33. Bc3 Bb6 $15)
29... Bf6 30. f4 $11) 25... bxa4 26. bxa4 Bc7 27. g4 Nd7 28. Bf2 Bb6 29. Bxb6
Nxb6 30. Nxe5 c5 31. Qd1 (31. Nc6 Bxc4 32. Bxc4 Qxf3+ 33. Kg1 Qxg4+ 34. Kf2
Nxc4 35. Qxc4 Qf4+ $13) 31... Nxa4 32. Qd8+ Kh7 33. Nd7 Qa1+ 34. Kg2 Bxd7 35.
Qxd7 Qb2 36. Kh3 $2 ({as Brancas poderiam empatar com} 36. Qf5+ Kg8 37. Qc8+
$11) 36... Nb6 $1 {agora as Pretas evitam o perpétuo e ficam com o Peão
passado 'a'.} 37. Qf5+ Kg8 38. Bd3 Qd4 39. e5 g6 40. Qe4 Qxe4 41. fxe4 (41.
Bxe4 Nxc4 $19) 41... a4 42. Bc2 a3 43. Bb3 Na4 44. g5 hxg5 45. Kg4 Nc3 46. Kxg5
Kg7 $1 (46... a2 $6 47. Bxa2 Nxa2 48. e6 Kg7 $3 (48... fxe6 49. Kxg6 {e as
Brancas ainda teriam chances de empate.}) 49. e7 f6+ 50. Kf4 Kf7 $19) 0-1